000 00323nam a22001457a 4500
008 221007b ||||| |||| 00| 0 eng d
020 _a1891560018
041 _aeng
080 _22ND EDITION
_a615
082 _a615
100 _a15
101 _aONC
245 _aONCOLOGY DRUG INFORMATION
_cLARRY R
942 _2udc
_cBK
999 _c58422
_d58422